Vzdelávacia hra vyvinutá v 3D engine pre oblasť informačno-komunikačných technológií

Salvato in:
Dettagli Bibliografici
Autore principale: Klementová, Natália (Autore)
Altri autori: Kučera, Erik (Relatore della tesi)
Natura: Manoscritto Libro
Lingua:slovacco
Pubblicazione: Bratislava : STU v Bratislave FEI, 2022
Soggetti:
Accesso online:https://opac.crzp.sk/?fn=detailBiblioFormChildYFQ3Q&sid=CCC58BA4FA4903AAF12F57375785&seo=CRZP-detail-kniha
Tags: Aggiungi Tag
Nessun Tag, puoi essere il primo ad aggiungerne!!

MARC

LEADER 00000ntm a22000003a 4500
001 stuzp86913
003 SK-STU
005 20230206115929.4
007 ta
008 150427s2015----xo-----f-mn---000-0-slo-d
040 |a STU  |b slo 
041 0 |a slo 
044 |a xo 
100 1 |a Klementová, Natália  |u 030400  |4 aut  |U FEI Fakulta elektrotechniky a informatiky  |T FEI Ústav automobilovej mechatroniky  |X 87080  |U E400  |Y 642  |7 87080 
242 0 1 |a Education game developed using 3D engine for ICT  |y eng 
245 1 0 |a Vzdelávacia hra vyvinutá v 3D engine pre oblasť informačno-komunikačných technológií 
260 |a Bratislava :  |b STU v Bratislave FEI,  |c 2022 
300 |a 100 s., príl. 
650 4 |a virtuálna realita  |2 slo 
650 4 |a bezpečnosť na internete  |2 slo 
650 4 |a edukačná hra  |2 slo 
650 4 |a výskum  |2 slo 
650 4 |a unity 3d  |2 slo 
650 4 |a rozhodovacie stromy  |2 slo 
650 4 |a neurónové siete  |2 slo 
650 4 |a virtual reality  |2 eng 
650 4 |a neural network  |2 eng 
650 4 |a unity 3d  |2 eng 
650 4 |a edugame  |2 eng 
650 4 |a research  |2 eng 
650 4 |a decision trees  |2 eng 
650 4 |a safety on the internet  |2 eng 
700 1 |a Kučera, Erik  |u 030400  |k Z1  |4 ths  |U FEI Fakulta elektrotechniky a informatiky  |T FEI Ústav automobilovej mechatroniky  |X 55901  |U E400  |Y 642  |7 A000055901 
856 4 |u https://opac.crzp.sk/?fn=detailBiblioFormChildYFQ3Q&sid=CCC58BA4FA4903AAF12F57375785&seo=CRZP-detail-kniha